<?xml version="1.0" encoding="UTF-8"?>
<collection xmlns="http://www.loc.gov/MARC21/slim">
 <record>
  <leader>00870pamaa2200205   4500</leader>
  <controlfield tag="001">0000037700</controlfield>
  <controlfield tag="005">20110126090000.0</controlfield>
  <datafield tag="090" ind1="0" ind2="0">
   <subfield code="a">TK145 </subfield>
   <subfield code="b">CHO 2006</subfield>
  </datafield>
  <datafield tag="100" ind1="1" ind2="0">
   <subfield code="a">CHONG </subfield>
  </datafield>
  <datafield tag="245" ind1="1" ind2="0">
   <subfield code="a">Door Lock Security Server System  </subfield>
   <subfield code="c">Chong Chee Sean.</subfield>
  </datafield>
  <datafield tag="248" ind1="1" ind2="0">
   <subfield code="b">Contest Indicator</subfield>
   <subfield code="c">Ramanan A/L Kannairan</subfield>
  </datafield>
  <datafield tag="248" ind1="1" ind2="0">
   <subfield code="b">Quantity Calculating And Ordering System</subfield>
   <subfield code="c">Lee Jau Tzer</subfield>
  </datafield>
  <datafield tag="260" ind1="0" ind2="0">
   <subfield code="a">Nilai: </subfield>
   <subfield code="b">INTI College Malaysia, </subfield>
   <subfield code="c">May 2006.</subfield>
  </datafield>
  <datafield tag="300" ind1=" " ind2=" ">
   <subfield code="a">Volume I, Numbers 1 - 3; </subfield>
   <subfield code="c">30cm.</subfield>
  </datafield>
  <datafield tag="440" ind1="0" ind2="0">
   <subfield code="a">DIPLOMA IN ELECTRICAL &amp; ELECTRONIC ENGINEERING&#13;
MAY 2006</subfield>
  </datafield>
  <datafield tag="500" ind1="0" ind2="0">
   <subfield code="a">Being a project paper submitted to Inti College Malaysia as a requirements for Diploma in April 2006 engineering under the managment and supervision of School of Engineering and Technology, INTI College Malaysia</subfield>
  </datafield>
  <datafield tag="650" ind1="0" ind2="0">
   <subfield code="a">Electrical </subfield>
  </datafield>
  <datafield tag="650" ind1="0" ind2="0">
   <subfield code="a">Electronics </subfield>
  </datafield>
  <datafield tag="700" ind1="1" ind2="1">
   <subfield code="a">RAMANAN A/L Kannairan </subfield>
  </datafield>
  <datafield tag="700" ind1="1" ind2="1">
   <subfield code="a">Lee, </subfield>
   <subfield code="h">Jau Tzer </subfield>
  </datafield>
 </record>
</collection>
